Landlocked Countries Nearest the Sea - Statistics

General Stats
  • This quiz has been taken 2,398 times
  • The average score is 6 of 10
Answer Stats
km country miles % Correct
10 San Marino 6
84%
22 Vatican City 13
78%
103 Andorra 64
72%
59 North Macedonia 36
60%
41 Laos 25
59%
43 Ethiopia 27
57%
79 Kosovo 49
57%
47 Eswatini 29
56%
40 Moldova 25
53%
82 Austria 51
47%
No matching quizzes found
Score Distribution
Percent of People with Each Score
Percentile by Number Answered
Your Score History
You have not taken this quiz